Formas do País Pixelados #2 - Statistics

Estatísticas Gerais
  • Esse quiz foi jogado 67 vezes
  • A pontuação média é 11 de 15
Estatísticas das Respostas
país % Correto
Brasil
100%
França
92%
Índia
91%
México
91%
África do Sul
89%
Marrocos
87%
China
85%
Nova Zelândia
81%
Grécia
77%
Noruega
68%
Tailândia
68%
Filipinas
64%
Bahamas
53%
Trinidad e Tobago
49%
Omã
36%
Nenhum quiz correspondente encontrado
Distribuição das Pontuações
Porcentagem de Pessoas com Cada Pontuação
Percentil de Números Respondidos
Sua Pontuação Histórica
Você não jogou esse quiz